Carregant...

German Malayalam nighandu/

Dades bibliogràfiques
Autor principal: Chacko. V. C.
Format: Printed Book
Idioma:English
Publicat: Thiruvanathapuram: Dept of Geman,Uty of Kerala, 1972.
LEADER 00622nam a2200133Ia 4500
008 161124b xxu||||| |||| 00| 0 eng d
100 |a Chacko. V. C. 
245 |a German Malayalam nighandu/  |c Chacko. V. C. 
260 |c 1972.  |a Thiruvanathapuram:  |b Dept of Geman,Uty of Kerala, 
300 |a 812p. 
942 |c REF  |2 ddc 
999 |c 224911  |d 224911 
952 |0 0  |1 0  |2 ddc  |4 0  |6 SHELF_R4  |7 0  |9 230109  |a MAL  |b MAL  |c REF  |d 2011-12-05  |g 15.00  |l 0  |o Shelf R4  |p MAL15556  |r 2011-12-05  |v 15.00  |w 2011-12-05  |y REF 
952 |0 0  |1 0  |4 0  |6 R_433_500000000000000_CHA_G  |7 0  |9 248305  |a MAL  |b MAL  |c REF  |d 2011-12-05  |g 15.00  |l 0  |o R 433.5 CHA/G  |p MAL14999  |r 2011-12-05  |v 15.00  |w 2018-08-20  |y REF